02587nam a2200277 i 450000100060000000300090000600500170001500700030003200800410003502000180007608000250009410000490011924500470016825000120021526000370022730000410026449000250030550400340033052016910036465100410205583000330209685200330212994200080216299900170217095201220218773477ES-MaACL20250415063057.0t|041015s2004 sp ||||1| spa d a84-8432-557-1 a946.027 M. "1936/39"0 aMartínez Reverte, Jorge,d1948-202197835513aLa batalla de Madrid / cJorge M. Reverte. a2ª ed. aBarcelona : bCrítica, c2004. a642 p., [32] p. de lám. ; c23 cm.1 aCrítica contrastes aBibliografía: p. [607]-613. aHace sólo seis días que ha empezado el otoño y en los campos soplan tempestades revolucionarias y vientos de miedo. Un rumor de pasos africanos se acerca a Madrid. Los generales sublevados, los vencedores de Toledo, quieren tomar café en la Gran Vía y oír misa en los Jerónimos. Un cerco de muerte acecha desde Majadahonda hasta Vallecas. Regulares y legionarios atacan en la Casa de Campo y asaltan la Ciudad Universitaria protegidos por los cañones del cerro Garabitas. Allí, en las trincheras, junto a las facultades, en las salas del Clínico, les esperan los milicianos anarquistas, las brigadas internacionales, el pueblo de Madrid, hombres y mujeres anónimos que no les dejarán pasar. Durante cuatro largos meses de combate, Madrid será la patria del sufrimiento. Cuando, agotados, descansen los frentes, seguirá la batalla en el cielo. Bombas sobre Alcalá, bombas sobre el Prado, bombas sobre el Clínico de San Carlos, bombas sobre Atocha… Arden las chabolas del barrio de Tetuán, arde el palacio de Liria. Una alfombra de niños muertos cubre el paseo de Rosales. Cuando paren los bombardeos llegará la punzada del hambre. Ya no hay qué comer en Madrid, pero Madrid resiste. Mujeres famélicas desuellan un mulo destripado por las bombas, mientras perros enloquecidos por el hambre hacen cabriolas a su alrededor; pero Madrid resiste. A oscuras, las calles están desiertas y ciegas, mientras resuenan las descargas de fusilería, el chasquido rítmico de las ametralladoras y, de vez en vez, los cañonazos densos y opacos. En el pecho la angustia, la zozobra y el dolor de todo y por todo, pero Madrid resiste. Y se hace leyenda.  4aMadrid-xHistoria-y1936-1939.989640 aCrítica contrastes9180307 aES-MaACLjL-28248 bR.134138 2udc c73477d73477 00104070aATENEOMbATENEOMcDEPO2d2008-01-17eSCl0oL-28248p1076908r2023-02-23 00:00:00w2023-02-23yMONOGRAFIA